00743nam a2200229Ia 4500003000900000008004100009020001800050040001600068080002200084245005100106260004200157300001500199490002600214650004100240650002500281650003200306650001800338700003100356942000700387999001500394952010400409IN-BaIIA211028s9999 xx 000 0 eng d a90-277-0201-2 cIIA Library a082.2:52bIAU-S43 0aSolar magnetic fieldscedited by Robert Howard aDordrechtbD. Reidel Publishingc1971 axvi, 782p. aIAU Symposium; no. 43 aAstronomy and Astrophysics Thesaurus aMagnetic Fields9530 aSolar Magnetic Fields94454 aSolar Physics aHoward, Robert., ed.96902 cBK c3881d3881 00104070aBANbBANcGENd1972-02-01l0o082.2:52/ IAU-S43p4333r2021-11-05w1972-02-01yBKGFree